000 01097cam a2200253 4500
001 WB3836-11
008 021002n2002 000 0 eng u
035 _a(Sirsi) u119957
245 _aOwners object to cramped housing
260 _c2002
490 _aHouse Builders Federation Press Release
_v 22 September 2002, (2)
520 _aThe annual survey by the House Builders Federation and Halifax plc, published last week, shows that homeowners resent living in high-density, mixed tenure developments. Implementation of PPG3 is held to blame for the cramped conditions in new developments which have to rely on car travel but have inadequate parking space. "New homes today" can be found on the HBF website, http://www.hbf.co.uk/uploads/newspdf/nhmbhalifax_report.pdf
590 _aWB
650 _aNEW HOUSING
650 _aHOUSE BUILDING
650 _aPPG3
650 _aHOUSING DEVELOPMENTS
650 _aSURVEYS
650 _aTRANSPORT
650 _aCAR PARKING
690 _aHOUSING
856 _ahttp://www.hbf.co.uk/content/news/web_news_view.asp?ID=230
942 _n0
999 _c71278
_d71278